[Event "Wch U20 57th"]
[Site "Manavgat"]
[Date "2018.09.11"]
[Round "7"]
[White "Yaran, Siar"]
[Black "Zrikem, Nassim"]
[Result "0-1"]
[WhiteElo "2271"]
[BlackElo "2066"]
[PlyCount "48"]
[EventDate "2018.09.05"]
[EventType "swiss"]
[EventRounds "11"]
[EventCountry "TUR"]
[SourceTitle "CBM 186 Extra"]
[Source "ChessBase"]
[SourceDate "2018.08.24"]
[SourceVersion "1"]
[SourceVersionDate "2018.08.24"]
[SourceQuality "1"]

1. e4 e5 2. f4 exf4 3. Nf3 g5 4. h4 g4 5. Ne5 Nf6 6. Bc4 d5 7. exd5 Nxd5 8. Nc3 c6 9. Nxd5 cxd5 10. Bb5+ Bd7 11. Nxd7 Nxd7 12. Qxg4 Qe7+ 13. Kd1 0-0-0 14. Re1 Qd6 15. d4 Bh6 16. Re5 Rhg8 17. Qf5 Rxg2 18. Rxd5 Qe6 19. c3 Qxf5 20. Rxf5 a6 21. Bd3 Rdg8 22. Rb1 Rh2 23. Bd2 Rg1+ 24. Be1 f3 0-1

[Event "Wch U20 57th"]
[Site "Manavgat"]
[Date "2018.09.08"]
[Round "5"]
[White "Nastase, Robert Paul"]
[Black "Zrikem, Nassim"]
[Result "1-0"]
[WhiteElo "2313"]
[BlackElo "2066"]
[PlyCount "98"]
[EventDate "2018.09.05"]
[EventType "swiss"]
[EventRounds "11"]
[EventCountry "TUR"]
[SourceTitle "CBM 186 Extra"]
[Source "ChessBase"]
[SourceDate "2018.08.24"]
[SourceVersion "1"]
[SourceVersionDate "2018.08.24"]
[SourceQuality "1"]

1. e4 e5 2. Nf3 Nc6 3. Bc4 Nf6 4. Ng5 d5 5. exd5 Na5 6. Bb5+ c6 7. dxc6 bxc6 8. Bd3 Nd5 9. Nf3 Bd6 10. 0-0 0-0 11. Re1 Qc7 12. Bf1 Bg4 13. h3 Bh5 14. c4 Nf4 15. d3 Ne6 16. Be2 Rad8 17. Qa4 f5 18. b4 e4 19. Ng5 Nxg5 20. Bxh5 Nf7 21. Bxf7+ Rxf7 22. Bb2 Bh2+ 23. Kh1 Be5 24. Bxe5 Qxe5 25. Qxa5 Qxa5 26. bxa5 Rxd3 27. Rc1 f4 28. Nc3 e3 29. fxe3 fxe3 30. Rab1 h6 31. Rb2 Re7 32. Re2 g5 33. Kg1 Kg7 34. Kf1 Re5 35. Nd1 Rd2 36. Ke1 Rxa5 37. Rc2 Rd3 38. Rxe3 Rd6 39. Nc3 Rd4 40. Re4 Rd3 41. Ke2 Rg3 42. Kf2 Rd3 43. Re3 Rd4 44. Ne2 Rd6 45. Ng3 Kg6 46. c5 Rf6+ 47. Rf3 Re6 48. Rd3 Kf7 49. Rd7+ Ke8 1-0

[Event "Africa-ch U16"]
[Site "Cairo"]
[Date "2017.12.09"]
[Round "9.2"]
[White "Zrikem, Nassim"]
[Black "Brahami, Lamine"]
[Result "1-0"]
[WhiteElo "2085"]
[BlackElo "2049"]
[PlyCount "61"]
[EventDate "2017.12.03"]
[EventType "swiss"]
[EventRounds "9"]
[EventCountry "EGY"]
[SourceTitle "EXT 2024"]
[Source "ChessBase"]
[SourceDate "2023.10.10"]
[SourceVersion "1"]
[SourceVersionDate "2023.10.10"]
[SourceQuality "1"]

1. e4 g6 2. d4 Bg7 3. Nc3 d6 4. Be3 a6 5. Qd2 b5 6. f3 Bb7 7. a4 b4 8. Nd1 a5 9. c3 bxc3 10. bxc3 Nd7 11. Bb5 c6 12. Bd3 Qc7 13. Rb1 e5 14. Ne2 Ne7 15. Bh6 0-0 16. Bxg7 Kxg7 17. Ne3 Nf6 18. 0-0 Bc8 19. f4 exf4 20. Rxf4 Be6 21. Rbf1 Nd7 22. Rh4 d5 23. Nf5+ Bxf5 24. Qh6+ Kf6 25. exf5 Ng8 26. fxg6+ Ke7 27. Qg5+ f6 28. Rxh7+ Kd8 29. Qg4 f5 30. Qg5+ Kc8 31. Bxf5 1-0